书目信息 |
| 题名: |
青少年心理援助120
|
|
| 作者: | 蒋建荣 , 吴晟 著 | |
| 分册: | ||
| 出版信息: | 天津 南开大学出版社 2003 |
|
| 页数: | 265页 | |
| 开本: | 21cm | |
| 丛书名: | ||
| 单 册: | ||
| 中图分类: | B844.2 | |
| 科图分类: | ||
| 主题词: | 青少年--心理卫生 , 青少年 , 心理卫生 | |
| 电子资源: | ||
| ISBN: | 7-310-01993-8 | |
| 000 | 00961nam0 2200301 45 | |
| 001 | 012003000000 | |
| 005 | 20041010144803.88 | |
| 010 | @a7-310-01993-8@dCNY 16.00 | |
| 100 | @a20031219d2003 em y0chiy0121 ea | |
| 101 | 0 | @achi |
| 102 | @aCN@b120000 | |
| 105 | @ay z 000yy | |
| 200 | 1 | @a青少年心理援助120@Aqing shao nian xin li yuan zhu 120@e心理咨询个案的记录、分析文本@f蒋建荣, 吴晟著 |
| 210 | @a天津@c南开大学出版社@d2003 | |
| 215 | @a265页@d21cm | |
| 312 | @a封面并列题名: Psychological aid 120 for the youth | |
| 320 | @a本书含参考文献 | |
| 330 | @a本书内容: 情感话题篇, 学海无涯篇, 交往艺术篇…… | |
| 510 | 1 | @aPsychological aid 120 for the youth@zeng |
| 517 | 1 | @a心理咨询个案的记录、分析文本 |
| 606 | 0 | @a青少年@x心理卫生 |
| 606 | 0 | @a青少年 |
| 606 | 0 | @a心理卫生 |
| 690 | @aB844.2@v4 | |
| 701 | 0 | @a蒋建荣@Ajiang jian rong@4著 |
| 701 | 0 | @a吴晟@Awu sheng@4著 |
| 801 | 0 | @aCN@bQSSKt@c20041010 |
| 905 | @a10447@dB844.2@eJ567 | |
| 青少年心理援助120:心理咨询个案的记录、分析文本/蒋建荣, 吴晟著.-天津:南开大学出版社,2003 |
| 265页;21cm |
| ISBN 7-310-01993-8:CNY 16.00 |
| 本书内容: 情感话题篇, 学海无涯篇, 交往艺术篇…… |
| ● |
| 相关链接 |
|
|
|
正题名:青少年心理援助120
索取号:B844.2/J567
 
预约/预借
| 序号 | 登录号 | 条形码 | 馆藏地/架位号 | 状态 | 备注 |
| 1 | 398291 | 203982912 | 社科库509/509社科库 38排2列4层/ [索取号:B844.2/J567] | 在馆 | |
| 2 | 398292 | 203982921 | 社科库509/509社科库 38排2列4层/ [索取号:B844.2/J567] | 在馆 | |
| 3 | 398293 | 203982930 | 社科库509/509社科库 38排2列4层/ [索取号:B844.2/J567] | 在馆 |